Countries With Tan in Their Name - Statistics

General Stats
  • This quiz has been taken 26 times
  • The average score is 8 of 10
Answer Stats
Answer % Correct
Kazakhstan
88%
Pakistan
88%
Afghanistan
84%
Turkmenistan
84%
Kyrgyzstan
80%
Tajikistan
80%
Uzbekistan
80%
Tanzania
76%
Bhutan
52%
Mauritania
40%
No matching quizzes found
Score Distribution
Percent of People with Each Score
Percentile by Number Answered
Your Score History
You have not taken this quiz